1310 1884 1893 1114 1574 1915 1107 1381 1791 1437 1863 1022 1653 1537 1738 1280 1932 1039 1651 1129 1808 1412 1986 1479 1499 1912 1014 1990 1134 1587 1576 1919 1031 1331 1111 1907 1504 1834 1111 1267 1228 1972 1112 1910 1487 1118 1363 1571 1996 1075 1362 1026 1301 1357 1173 1023 1803 1644 1956 1162 1049 1506 1317 1807 1978 1420 1866 1206 1306 1579 1186 1881 1597 1905 1077 1994 1346 1540 1576 1977 1229 1894 1843 1260 1663 1629 1441 1840 1033 1590 1810 1238 1083 1820 1123 1213 1192 1447 1207 BCNSPRNW ULIB Ver.6.0+V

เปลี่ยนเป็นภาษาไทย

Change to English
 แสดงรายละเอียดบรรณานุกรม
  กลับหน้าหลัก

Brief Record : Get Marc (ISO 2709) : E-mail record : QR code < ปิดหน้าต่าง
LEADER : 00000nam 2200000uu 4500
001    13399108094
003     ULIB
008    110216s2543||||th 000 0 tha d
020    9746781812
060 04 QU4^bพ171ต 2543
245 00 ตำราชีวเคมี /^cบรรณาธิการ พจน์ ศรีบุญลือ...[และคนอื่นๆ]
250    พิมพ์ครั้งที่ 3
260    ขอนแก่น :^bภาควิชาชีวเคมี คณะแพทยศาสตร์ มหาวิทยาลัยขอนแก่น,^c2543
300    576 หน้า :^bภาพประกอบ
650  7 ชีวเคมี
650  7 ชีวโมเลกุล
700 0  เปรมใจ อารีจิตรานุสรณ์,^cบรรณาธิการ
710 2  มหาวิทยาลัยขอนแก่น. ^bคณะแพทยศาสตร์. ^bภาควิชาชีวเคมี
945    ^p280^l0^i012634
945    ^p280^l0^i012632
945    ^p280^l0^i012630
945    ^p280^l0^i012631
945    ^p280^l0^i012629
945    ^p280^l0^i012633
995    ทศพร
999 ^a ใช้งานได้ทุกระบบ
รายการนี้ยังไม่มีแท็ก
คุณยังไม่ได้ล็อกอิน คุณสามารถมีกิจกรรมร่วมกับเว็บไซต์ได้ แต่ต้องล็อกอินก่อน ::
  ล็อกอิน

รายการสื่อสารสนเทศ

ลำดับที่ ประเภท เลขเรียก/บาร์โค้ด สถานที่ สถานะ
- ไม่พบข้อมูล -

รายการใกล้เคียง
    หัวเรื่อง [ชีวเคมี]
    หัวเรื่อง [ชีวโมเลกุล]

BibComment


ยังไม่เคยถูกคอมเมนท์

คอมเมนท์ทรัพยากรรายการนี้
  คอมเมนท์: ตำราชีวเคมี บรรณ..


 Copyright 2026. Bcnsprnw @Library